Affinity Chromatography a Practical Approach /

Salvato in:
Dettagli Bibliografici
Autori principali: Johnson, W.S (Autore), Middle, F.A (Autore), Dean, P.D.G (Autore)
Natura: Libro
Lingua:inglese
Pubblicazione: Oxford : IRL Press Limited, 1985
Serie:The Practical Approach Series
Tags: Aggiungi Tag
Nessun Tag, puoi essere il primo ad aggiungerne!!

MARC

LEADER 00000nam a22000003a 4500
001 stu23637
005 20150617225747.8
008 951211s1985----uk------------------eng-d
020 |a 0-904147-71-1 
040 |a STU  |b slo 
041 0 |a eng 
044 |a uk 
080 |a 543.544 
100 1 |a Johnson, W.S  |4 aut 
245 1 |a Affinity Chromatography a Practical Approach /  |c [aut.]Dean,P.D.G., Johnson,W.S., Middle,F.A 
260 |a Oxford :  |b IRL Press Limited,  |c 1985 
300 |a 215 s :  |b Obr.,tab.,grafy,lit.,index 
700 1 |a Middle, F.A  |4 aut 
700 1 |a Dean, P.D.G  |4 aut 
830 0 |a The Practical Approach Series 
996 |b C93906  |c C*93906  |l CCXVIII  |s P  |a 0  |w stu23637_0001